000 00316nam a2200145Ia 4500
100 _aPuder/Arno/ Romer/Kay
942 _cBK
366 _f25
245 _aDistributed system architecture
260 _bMorgan Kaufman
_c2006
082 _a5.43
_bPUD
300 _a322
546 _aENGLISH
_cComputers
999 _c29621
_d29621